| 000 | 02506cam a2200337 i 4500 | ||
|---|---|---|---|
| 001 | 991107315130606196 | ||
| 005 | 20250616095215.0 | ||
| 008 | 230502s2023 enkab b 001 0 eng d | ||
| 020 |
_a9781529420265 _qpaperback |
||
| 020 |
_a1529420261 _qpaperback |
||
| 020 |
_z9781529420272 _qelectronic publication |
||
| 024 | 8 | _a40032024263 | |
| 035 | _a(OCoLC)1379486831 | ||
| 035 | _a(OCoLC)on1379486831 | ||
| 040 |
_aUKMGB _beng _erda _cUKMGB _dBDX _dTOH _dOCLCF _dOCLCQ _dCCS _dOCLCO _dYDX |
||
| 041 | _aeng | ||
| 050 | 4 |
_aQA76.9.U83 _bW45 2023 |
|
| 100 |
_aWells, Mark. _eauthor. _924880 |
||
| 245 | 1 | 0 |
_aUser experience design _b: an introduction to creating interactive digital spaces _c/ Mark Wells. |
| 264 | 1 |
_aLondon : _bLaurence King Student & Professional, _c[2023] |
|
| 300 |
_a160 pages : _billustrations (some color), maps ; _c24 cm |
||
| 504 | _aIncludes bibliographical references and index. | ||
| 505 | 0 | _aDesign methods — Digital design methods — Understanding the client — Multiplatform space — Data collection — Data analysis — Presenting data visually — Understanding the user — User testing — Designing a digital interface — Structuring content — Visualizing your product. | |
| 520 | _aWe all engage with digital user experience design and user interfaces every day - if you are reading this on an e-commerce platform then you are doing it right now. This is an invaluable introduction for designers and creatives on how to create successful digital environments for users. The discipline of design is increasingly carried out in the virtual sphere, with a greater emphasis on user interaction and user experience than ever before. This book takes students through the crucial stages and skills that are needed for creating successful interactive digital environments, including: Data collection, User analysis, Testing, Creating valid content, Design for different devices and platforms, Prototyping and visualization. Visual examples range from screen shots to diagrams and physical prototypes, while case studies featuring digital agencies and creatives from around the world show how they approach each project. | ||
| 650 | 0 |
_aUser-centered system design. _925395 |
|
| 650 | 0 |
_aUser interfaces (Computer systems) _xDesign. |
|
| 650 | 0 |
_aWeb sites _xDesign. _97486 |
|
| 650 | 0 |
_aHuman-computer interaction _vMiscellanea _923784 |
|
| 650 | 0 |
_aApplication software _x Development Management _911397 |
|
| 942 | _2lcc | ||
| 999 |
_c4720 _d4720 |
||